000 00852 a2200277 4500
003 CBULib
005 20231211065518.0
008 231211b |||||||| |||| 00| 0 eng d
020 _a9780198768814
040 _bEnglish
_cCBULib
_erda
041 _aeng
050 _aRD 85.5 Sca
100 1 _aScarth, Edward
_91341
245 _aDrugs in anaesthesia and intensive care
_c/ by Eward Scarth; and Susan Smith
250 _aFifth edition
260 _bOxford University Press,
_c2016
_aOxford :
300 _axiv, 430 pages
336 _2rdacontent
_aText |
_btxt
337 _2rdamedia
_aUnmediated |
_bn
338 _2rdacarrier
_aVolume
_bnc
504 _aIncludes an appendix and an index
650 0 _aANESTHETICS
_91342
650 0 _a ANESTHETIC HANDBOOKS, MANUALS
_91343
650 0 _aANESTHETICS PHARMACOKINETICS
_91344
942 _2lcc
_c002
999 _c83587
_d83587